Geography Mini Crossword - Statistics

General Stats
  • This quiz has been taken 409 times
  • The average score is 20 of 28
Answer Stats
Across Down Letter % Correct
Kabul Nile L
95%
Lhasan Nile N
92%
AmE Nile E
91%
Aoraki Nile I
91%
Ida Isla I
88%
Sudan Isla S
87%
Lhasan Isla L
85%
Aoraki Isla A
84%
Kabul Adara A
84%
Kabul Asaba B
84%
Kabul Duhok K
84%
Kabul Nakum U
83%
Sudan Asaba A
82%
Sudan Adara D
81%
Sudan Duhok U
81%
Sudan Nakum N
80%
Ida Adara A
63%
Lhasan Adara A
62%
Lhasan Nakum A
61%
Ida Duhok D
60%
Lhasan Duhok H
59%
AmE Asaba A
58%
Lhasan Asaba S
58%
AmE Nakum M
53%
Aoraki Asaba A
51%
Aoraki Duhok O
51%
Aoraki Adara R
49%
Aoraki Nakum K
46%
No matching quizzes found
Score Distribution
Percent of People with Each Score
Percentile by Number Answered
Your Score History
You have not taken this quiz